दूसरा पुरुष दूसरी नारी : (Record no. 114320)

MARC details
000 -LEADER
fixed length control field 01222nam a22002777a 4500
003 - CONTROL NUMBER IDENTIFIER
control field 0
005 - DATE AND TIME OF LATEST TRANSACTION
control field 20190226125154.0
008 - FIXED-LENGTH DATA ELEMENTS--GENERAL INFORMATION
fixed length control field 0
010 ## - LIBRARY OF CONGRESS CONTROL NUMBER
LC control number A-989018
020 ## - INTERNATIONAL STANDARD BOOK NUMBER
Terms of availability 100.00
035 ## - SYSTEM CONTROL NUMBER
System control number A-989018,A-989019, A-989022
037 ## - SOURCE OF ACQUISITION
Source of stock number/acquisition Cen Lib/Ret
040 ## - CATALOGING SOURCE
Original cataloging agency DPL
Language of cataloging HN
Transcribing agency 0
082 ## - DEWEY DECIMAL CLASSIFICATION NUMBER
Classification number
Item number चन्दर
100 ## - MAIN ENTRY--PERSONAL NAME
Personal name चन्दर, कृष्ण
9 (RLIN) 56347
245 ## - TITLE STATEMENT
Title दूसरा पुरुष दूसरी नारी :
Statement of responsibility, etc कृष्ण चन्दर
Remainder of title उपन्यास /
246 ## - VARYING FORM OF TITLE
Title proper/short title Dusra purush dusri nari : upanyas /
Remainder of title by Krishn Chandar
260 ## - PUBLICATION, DISTRIBUTION, ETC. (IMPRINT)
Place of publication, distribution, etc दिल्ली
Name of publisher, distributor, etc नवदीप प्रकाशन
Date of publication, distribution, etc 1999
270 ## - ADDRESS
Address 8, विजय मार्किट नज़दीक भाग्य लक्ष्मी अपार्टमेंट्स राजा पुर, सेक्टर-9, रोहिणी
City दिल्ली
Postal code 110085
300 ## - PHYSICAL DESCRIPTION
Extent 96पृ.
Dimensions 19सेमी(सजिल्द )
650 ## - SUBJECT ADDED ENTRY--TOPICAL TERM
Topical term or geographic name as entry element हिंदी साहित्य
General subdivision
Geographic subdivision
9 (RLIN) 56348
650 ## - SUBJECT ADDED ENTRY--TOPICAL TERM
Topical term or geographic name as entry element हिंदी उपन्यास
9 (RLIN) 56349
650 ## - SUBJECT ADDED ENTRY--TOPICAL TERM
Topical term or geographic name as entry element hindi literature
Form subdivision
9 (RLIN) 56350
650 ## - SUBJECT ADDED ENTRY--TOPICAL TERM
Topical term or geographic name as entry element Hindi fiction
9 (RLIN) 27248
942 ## - ADDED ENTRY ELEMENTS (KOHA)
Source of classification or shelving scheme Dewey Decimal Classification
Koha item type Hindi Books
Classification part
Call number suffix चन्दर
Holdings
Withdrawn status Lost status Damaged status Not for loan Home library Current library Date acquired Source of acquisition Cost, normal purchase price Total Checkouts Full call number Barcode Date last seen Copy number Cost, replacement price Price effective from Koha item type Source of classification or shelving scheme Collection code Date checked out
        Central Library Central Library 17/08/2015 Cen Lib/Ret 100.00   उ चन्दर A-989018 17/08/2015 1 100.00 17/08/2015 Hindi Books      
        Patel Nagar Patel Nagar 01/10/2018 BPPD/PUB 100.00 1 उ चन्दर A-989019 13/01/2024   100.00 01/10/2018 Hindi Books Dewey Decimal Classification Fiction 30/12/2023
        Shahdara Branch Shahdara Branch 26/02/2019 BPPD/PUB 100.00 3 उ चन्दर A-989022 11/02/2026   100.00 26/02/2019 Hindi Books Dewey Decimal Classification Fiction 07/02/2026

© Delhi Public Library
Hit Counter
free hit counter